000
00350nam a2200133Ia 4500
008
100328s9999 xx 000 0 und d
082
_b
32287
100
_a
मोहोड बाबा
245
_a
पायवाट
260
_b
महाराष्ट्र
630
_a
पायवाट
730
_a
पायवाट
942
_c
BOOK
999
_c
523085
_d
523082